Statystyki dla Najlepsi strzelcy wszechczasów różnych rozgrywek piłkarskich

Kliknij tutaj aby rozwiązać quiz!

Ogólne statystyki

  • Ten quiz został rozwiązany 196 razy
  • Średni wynik to 4 z 9

Statystyki odpowiedzi

Ligailość golipiłkarz% Poprawnych
La Liga444Lionel Messi
97%
Liga Mistrzów131Cristiano Ronaldo
90%
Bundesliga365Gerd Müller
90%
World Cup16Miroslav Klose
72%
Premier League260Alan Shearer
59%
Ekstraklasa186Ernest Pohl
17%
Ligue 1270Jean-Pierre Papin
12%
Serie A274Silvio Piola
5%
Eredivisie324Dirk Kuyt
3%

Rozkład punktacji

Percentyl według liczby udzielonych odpowiedzi

Procent ludzi z każdym wynikiem

Twoja historia wyników

Nie rozwiązałeś tego quizu